000 00437nam a22001697a 4500
005 20251108175705.0
008 250721s9999 xx 000 0 eng d
082 1 4 _aJ/F/BEN
245 1 0 _abenny at the restaurant /
264 1 _adeilhi :
_bmanoj publications,
300 _a22p.
490 0 _asawan
650 1 7 _afiction
653 _aالاطفال مرحلة متوسطة (6-9)سنوات
942 _2ddc
_cBK
999 _c140091
_d140091